[Event "Ä15Â"]
[Site "Loo"]
[Date "2017.04.21"]
[Round "2.17"]
[White "Áóðíÿøåâà, Åëåíà."]
[Black "Þðàñîâà, Äàðüÿ."]
[Result "0-1"]
[WhiteElo "1721"]
[BlackElo "1907"]
[PlyCount "75"]
[EventDate "2017.04.20"]

1. e4 d6 2. d4 Nd7 3. Nf3 e5 4. d5 Ngf6 5. Nc3 Be7 6. h3 O-O 7. Be3 c6 8. g4
cxd5 9. exd5 Qa5 10. Qd2 a6 11. Rg1 b5 12. g5 b4 13. gxf6 bxc3 14. Qxc3 Qxc3+
15. bxc3 Nxf6 16. c4 Bf5 17. Bh6 Bg6 18. Be3 Bxc2 19. Kd2 Bg6 20. Bg2 Rfc8 21.
Rgc1 Rab8 22. Ke1 Be4 23. Nh4 Bxg2 24. Nxg2 Rb4 25. Rab1 Rbxc4 26. Rxc4 Rxc4
27. Rb8+ Bf8 28. f4 Nxd5 29. fxe5 dxe5 30. Kd2 Nxe3 31. Nxe3 Rd4+ 32. Kc3 f6
33. Nf5 Rd7 34. Ra8 Kf7 35. Rxa6 g6 36. Ng3 f5 37. a4 e4 38. a5 0-1

[Event "Ä15Â"]
[Site "Loo"]
[Date "2017.04.21"]
[Round "2.18"]
[White "Âûðòîñó, Íàòàëüÿ."]
[Black "Êîíîâà, Ïîëèíà."]
[Result "1-0"]
[WhiteElo "1871"]
[BlackElo "1592"]
[PlyCount "115"]
[EventDate "2017.04.20"]

1. d4 Nf6 2. Nf3 c5 3. c3 e6 4. Bf4 b6 5. e3 Bb7 6. Nbd2 Be7 7. h3 Nc6 8. Bd3
Rc8 9. O-O O-O 10. e4 cxd4 11. cxd4 Nb4 12. Bb1 Ba6 13. Re1 Nd3 14. Bxd3 Bxd3
15. Rc1 Rxc1 16. Qxc1 Qa8 17. Ne5 Rc8 18. Qd1 Bxe4 19. Nxe4 Nxe4 20. Nxd7 Qd5
21. Ne5 Nf6 22. Qa4 a5 23. Rc1 Rxc1+ 24. Bxc1 Bb4 25. Be3 Bd6 26. Qc2 Qb7 27.
Nd3 Nd5 28. Bd2 h6 29. a3 Ne7 30. Ne1 Qd5 31. Bc3 Nc6 32. Qd2 Bc7 33. Nc2 Qb3
34. Ne3 Ne7 35. g3 Nd5 36. Nxd5 Qxd5 37. Qd3 b5 38. Qd2 Qd8 39. Qe2 Qd5 40. Qd2
a4 41. Qe3 Bd8 42. Qe5 Qxe5 43. dxe5 Bb6 44. Bb4 Bd4 45. Bc3 Bxc3 46. bxc3 f6
47. f4 fxe5 48. fxe5 Kf7 49. Kf2 Kg6 50. Ke3 Kf5 51. Kd4 h5 52. Kc5 Kxe5 53.
Kxb5 Kd6 54. Kxa4 Kc5 55. Kb3 e5 56. a4 e4 57. Kc2 g5 58. Kd2 1-0

[Event "Ä15Â"]
[Site "Loo"]
[Date "2017.04.21"]
[Round "2.19"]
[White "Ïèêàëîâà, Ñîôüÿ."]
[Black "Àëèâåðäèåâà, Ýëèíà."]
[Result "1-0"]
[WhiteElo "1800"]
[BlackElo "1674"]
[PlyCount "117"]
[EventDate "2017.04.20"]

1. e4 c6 2. Nc3 d5 3. Nf3 Nf6 4. e5 Ne4 5. Ne2 Qb6 6. d4 e6 7. Nfg1 f6 8. f3
Ng5 9. exf6 gxf6 10. f4 Nf7 11. Ng3 Be7 12. Nf3 c5 13. c4 cxd4 14. cxd5 Qa5+
15. Bd2 Qxd5 16. Qa4+ Nc6 17. Bc4 Qd7 18. O-O Nd6 19. Rae1 Nxc4 20. Qxc4 Qd5
21. Qxd5 exd5 22. Ne2 d3 23. Nc3 Nb4 24. a3 Nc2 25. Nxd5 Nxe1 26. Rxe1 Kd7 27.
Nxe7 b6 28. Nxc8 Raxc8 29. Re3 Rhd8 30. Rxd3+ Ke7 31. Rxd8 Rxd8 32. Bc3 Kf7 33.
Kf2 Rg8 34. f5 Rd8 35. h3 Rd5 36. g4 h5 37. Kg3 hxg4 38. hxg4 Rd3 39. Kf4 Rd1
40. Nd2 Rg1 41. Ne4 Rf1+ 42. Kg3 Rg1+ 43. Kf3 Rf1+ 44. Kg2 Rf4 45. Nxf6 Rc4 46.
Kg3 Rc7 47. Ne4 a5 48. Kf4 Rd7 49. g5 Rd1 50. g6+ Kg8 51. f6 Rf1+ 52. Ke5 Kf8
53. g7+ Kg8 54. Ng5 b5 55. Ke6 b4 56. axb4 axb4 57. f7+ Rxf7 58. Nxf7 b3 59.
Nh6+ 1-0

[Event "Ä15Â"]
[Site "Loo"]
[Date "2017.04.21"]
[Round "2.20"]
[White "Áàéáóðèíà, Êàìèëëà."]
[Black "Àðòþõîâà, Åëèçàâåòà."]
[Result "1-0"]
[WhiteElo "1825"]
[BlackElo "1688"]
[PlyCount "125"]
[EventDate "2017.04.20"]

1. e4 c5 2. Nf3 Nc6 3. Bb5 g6 4. O-O Bg7 5. c3 Nf6 6. e5 Nd5 7. d4 cxd4 8. cxd4
O-O 9. Nc3 Nc7 10. Ba4 d6 11. Bf4 dxe5 12. dxe5 Ne6 13. Bg3 a6 14. Bxc6 bxc6
15. Qc2 Bb7 16. Rfd1 Qc7 17. Rac1 Rac8 18. Qa4 Qb6 19. Qc4 Rfd8 20. h3 a5 21.
Bh4 Ba6 22. Qe4 Qxb2 23. Na4 Qb7 24. Rxd8+ Nxd8 25. Nc5 Qa7 26. Nxa6 Qxa6 27.
Bxe7 Ne6 28. Qa4 Qb6 29. Bd6 c5 30. Nd2 Qb2 31. Rd1 Qb4 32. Qb3 Qf4 33. Nc4 Rd8
34. Rb1 Qe4 35. Be7 Nf4 36. Ne3 Re8 37. Bxc5 Bxe5 38. f3 Qc6 39. Qc4 Rc8 40.
Rc1 Ne6 41. Bb6 Qxc4 42. Rxc4 Rxc4 43. Nxc4 Bd4+ 44. Bxd4 Nxd4 45. Nxa5 Ne2+
46. Kf2 Nc3 47. a3 Kf8 48. Ke3 Ke8 49. Kd3 Nd5 50. g3 Kd7 51. Kd4 Ne7 52. g4 f6
53. Nc4 Kc6 54. Ne3 Kd6 55. f4 Kc6 56. Kc4 Nc8 57. a4 Nb6+ 58. Kb4 Nd7 59. a5
Nb8 60. Kc4 Nd7 61. Nd5 h6 62. Ne7+ Kd6 63. Nxg6 1-0

[Event "Ä15Â"]
[Site "Loo"]
[Date "2017.04.21"]
[Round "2.21"]
[White "Ñîñíèíà, Åêàòåðèíà."]
[Black "Ñâåòëîâà, Êñåíèÿ."]
[Result "1-0"]
[WhiteElo "1812"]
[BlackElo "1676"]
[PlyCount "105"]
[EventDate "2017.04.20"]

1. e4 c5 2. a3 d6 3. b4 b6 4. g3 Qc7 5. Bg2 Bb7 6. Nc3 Nf6 7. Nge2 Nbd7 8. O-O
g6 9. Rb1 Bg7 10. Bb2 O-O 11. bxc5 Nxc5 12. d3 Qd7 13. f4 Rac8 14. f5 d5 15.
exd5 Nxd5 16. Nxd5 Bxd5 17. Bxd5 Qxd5 18. Bxg7 Kxg7 19. d4 Ne4 20. Qd3 Qc6 21.
c4 Nd6 22. c5 bxc5 23. d5 Qd7 24. fxg6 hxg6 25. Qc3+ Kg8 26. Rf4 Nf5 27. Rd1
Qb5 28. Qd2 Qb3 29. Rxf5 gxf5 30. Qg5+ Kh8 31. Qh6+ Kg8 32. Qg5+ Kh8 33. Qh5+
Kg8 34. Qg5+ Kh8 35. Qh6+ Kg8 36. Qg5+ Kh8 37. Qh6+ Kg8 38. Rf1 Qb6 39. Qh5 Kg7
40. Rxf5 Qh6 41. Qg4+ Qg6 42. Rg5 Rcd8 43. Nf4 Qxg5 44. Qxg5+ Kh7 45. Nh5 Rg8
46. Qf5+ Kh6 47. g4 Rg5 48. Qf4 Rdxd5 49. h4 Rdf5 50. hxg5+ Rxg5 51. Ng3 e5 52.
Qf3 f6 53. Ne4 1-0

[Event "Ä15Â"]
[Site "Loo"]
[Date "2017.04.21"]
[Round "2.22"]
[White "Ïîäãîðíîâà, Àííà."]
[Black "Ýôåíäèåâà, Àëèíà."]
[Result "1-0"]
[WhiteElo "1769"]
[BlackElo "1661"]
[PlyCount "90"]
[EventDate "2017.04.20"]

1. d4 Nf6 2. c4 g6 3. f3 Bg7 4. e4 d6 5. Nc3 O-O 6. Be3 Nc6 7. Qd2 a6 8. Nge2
Rb8 9. a4 Bd7 10. Nc1 e5 11. d5 Nd4 12. N3e2 c5 13. Nxd4 exd4 14. Bf4 Qc7 15.
Nd3 b6 16. Be2 Rfe8 17. O-O Nh5 18. Bg5 b5 19. b3 bxc4 20. bxc4 Rb3 21. g4 Nf6
22. Bf4 Rc3 23. Rfc1 a5 24. Qd1 Rb8 25. Bd2 Rxc1 26. Qxc1 Qb6 27. Qe1 Ra8 28.
Rb1 Qc7 29. Bd1 Ne8 30. f4 Qd8 31. e5 dxe5 32. fxe5 Qc8 33. h3 Qc7 34. d6 Qa7
35. Bf3 Rb8 36. Rxb8 Qxb8 37. Nxc5 Qa7 38. Nxd7 Qxd7 39. Bxa5 Qxa4 40. c5 d3
41. c6 Qd4+ 42. Qf2 Qxe5 43. d7 Qa1+ 44. Kg2 Qxa5 45. dxe8=Q+ Bf8 1-0

[Event "Ä15Â"]
[Site "Loo"]
[Date "2017.04.21"]
[Round "2.23"]
[White "Çåëåíñêàÿ, Àíàñòàñèÿ."]
[Black "Òîëêà÷åâà, Àííà."]
[Result "0-1"]
[WhiteElo "1738"]
[BlackElo "1656"]
[PlyCount "72"]
[EventDate "2017.04.20"]

1. e4 c5 2. Nf3 d6 3. d4 cxd4 4. Nxd4 Nf6 5. f3 e6 6. Be2 a6 7. c4 Nbd7 8. O-O
b6 9. Nc3 Bb7 10. Be3 Be7 11. b3 O-O 12. Rc1 Rc8 13. Qd2 Qc7 14. Rfd1 Rfe8 15.
Qe1 Ne5 16. Qf2 Qb8 17. Na4 Ned7 18. Nc2 d5 19. exd5 exd5 20. Nxb6 Nxb6 21.
Bxb6 Bd6 22. g3 Qa8 23. c5 Bf8 24. Nd4 Nd7 25. Nf5 Nxc5 26. Bxc5 Bxc5 27. Rxc5
Rxc5 28. Qxc5 Rxe2 29. Ne7+ Kh8 30. Nxd5 h6 31. Qc4 Qe8 32. Rd4 Bxd5 33. Qxd5
Qe3+ 34. Kh1 Qf2 35. Qa8+ Kh7 36. Rd8 Qxh2# 0-1

[Event "Ä15Â"]
[Site "Loo"]
[Date "2017.04.21"]
[Round "2.24"]
[White "Ãàðàôóòäèíîâà, Äèàíà."]
[Black "Ìèõàéëîâà, Þëèÿ."]
[Result "0-1"]
[WhiteElo "1654"]
[BlackElo "1733"]
[PlyCount "64"]
[EventDate "2017.04.20"]

1. e4 c5 2. Nf3 d6 3. d4 cxd4 4. Nxd4 Nf6 5. Bd3 a6 6. O-O g6 7. c4 Bg7 8. Bc2
O-O 9. Nc3 Qc7 10. Bd3 b6 11. h3 Bb7 12. Be3 Nbd7 13. Nd5 Nxd5 14. cxd5 Rac8
15. Qe2 b5 16. f4 Nc5 17. Rac1 Qb8 18. Bb1 b4 19. Qf2 a5 20. Rfd1 Nd7 21. Bd3
Nc5 22. Bb1 Qa8 23. Nb5 Ba6 24. Nd4 Bb7 25. Nb5 Ba6 26. Nd4 Bb7 27. Nb5 Qa6 28.
Bxc5 dxc5 29. Bd3 Qb6 30. Qe2 c4+ 31. Kh1 cxd3 32. Qxd3 Ba6 0-1

[Event "Ä15Â"]
[Site "Loo"]
[Date "2017.04.21"]
[Round "2.25"]
[White "Áàèøåâà, Íüóðãóéààíà."]
[Black "Ñóðêîâà, Ñîôüÿ."]
[Result "1-0"]
[WhiteElo "1728"]
[BlackElo "1618"]
[PlyCount "63"]
[EventDate "2017.04.20"]

1. e4 c5 2. Nf3 d6 3. d4 cxd4 4. Nxd4 Nf6 5. Nc3 a6 6. Bc4 e6 7. Bb3 Be7 8. f4
e5 9. Nf5 Bxf5 10. exf5 O-O 11. Qf3 Nc6 12. Be3 e4 13. Qd1 Qa5 14. g4 Rfe8 15.
g5 Qxf5 16. gxf6 Bxf6 17. O-O Qh3 18. Qd2 Bxc3 19. Qxc3 Ne7 20. Rae1 Nf5 21.
Rf2 Nh4 22. Ree2 Rac8 23. Qa5 Rc6 24. Qd5 Re6 25. f5 Rf6 26. Qxe4 h6 27. Bd4
Rxf5 28. Re3 Rg5+ 29. Kh1 Qg4 30. Bxf7+ Kh8 31. Qe8+ Kh7 32. Qg8# 1-0

[Event "Ä15Â"]
[Site "Loo"]
[Date "2017.04.21"]
[Round "2.26"]
[White "Ñòàðîñòèíà, Àëåêñàíäðà."]
[Black "Òóðêî, Àíàñòàñèÿ."]
[Result "1-0"]
[WhiteElo "1603"]
[BlackElo "1719"]
[PlyCount "97"]
[EventDate "2017.04.20"]

1. e4 Nf6 2. d3 d5 3. Nd2 dxe4 4. dxe4 e5 5. Ngf3 Nbd7 6. c3 Bc5 7. Be2 c6 8.
O-O O-O 9. Qc2 Qc7 10. h3 a6 11. b4 Ba7 12. c4 c5 13. b5 axb5 14. cxb5 b6 15.
Bb2 Bb7 16. Bc4 h6 17. Rfe1 Rfe8 18. Re3 Nf8 19. Nh4 g6 20. Rg3 Kh7 21. Rf3 Kg7
22. Re3 Re7 23. Qc3 Rd8 24. Rg3 Kh7 25. f4 Nh5 26. Rf3 Ne6 27. Bxe6 Rxe6 28.
fxe5 Qe7 29. Raf1 Rf8 30. g4 Ng7 31. Ng2 Bb8 32. Rf6 Rxe5 33. Qf3 Bxe4 34. Nxe4
Rxe4 35. Rxf7 Rxf7 36. Qxf7 Qxf7 37. Rxf7 Be5 38. Bxe5 Rxe5 39. Rb7 Re6 40. Kf2
g5 41. Ne3 Rd6 42. Nf5 Rg6 43. Nxg7 Rxg7 44. Rxg7+ Kxg7 45. a4 Kf7 46. a5 bxa5
47. b6 Ke6 48. b7 Kd5 49. b8=Q 1-0

[Event "Ä15Â"]
[Site "Loo"]
[Date "2017.04.21"]
[Round "2.27"]
[White "Áàíäóðèíà, Ñîôèÿ."]
[Black "Êîêóåâà, Àëèñà."]
[Result "1/2-1/2"]
[WhiteElo "1717"]
[BlackElo "1552"]
[PlyCount "59"]
[EventDate "2017.04.20"]

1. e4 e5 2. Nf3 Nc6 3. Nc3 g6 4. Bb5 Bg7 5. Nd5 Nge7 6. c4 O-O 7. d3 Nxd5 8.
cxd5 Ne7 9. Bc4 d6 10. O-O c6 11. dxc6 bxc6 12. Bb3 d5 13. Re1 Qd6 14. Qd2 f5
15. Qe2 fxe4 16. dxe4 Bg4 17. Bg5 Bxf3 18. gxf3 Rad8 19. Rad1 Bf6 20. exd5 cxd5
21. Bxf6 Qxf6 22. Qxe5 Qxf3 23. Qe3 Qg4+ 24. Qg3 Qd7 25. Qe3 Qg4+ 26. Qg3 Qd7
27. Qe3 Qg4+ 28. Qg3 Qd7 29. Qe3 Qg4+ 30. Qg3 1/2-1/2

[Event "Ä15Â"]
[Site "Loo"]
[Date "2017.04.21"]
[Round "2.28"]
[White "Òåðåøå÷êèíà, Òàèñèÿ."]
[Black "Ñû÷, Àëèíà."]
[Result "0-1"]
[WhiteElo "1711"]
[BlackElo "1478"]
[PlyCount "74"]
[EventDate "2017.04.20"]

1. e4 c5 2. Nf3 d6 3. d4 cxd4 4. Qxd4 Nc6 5. Bb5 Bd7 6. Bxc6 Bxc6 7. Be3 Nf6 8.
Nc3 g6 9. O-O-O Bg7 10. Qd3 O-O 11. h3 b5 12. Nd4 Bd7 13. g4 b4 14. Nce2 a5 15.
f4 Qc7 16. Ng3 a4 17. g5 Nh5 18. Nxh5 gxh5 19. f5 Rfc8 20. f6 exf6 21. gxf6
Bxf6 22. Rhg1+ Kf8 23. Rdf1 Bxd4 24. Bxd4 Bb5 25. Bg7+ Ke7 26. Rxf7+ Kxf7 27.
Qd5+ Ke8 28. Qxb5+ Qc6 29. Qxh5+ Kd8 30. Bf6+ Kc7 31. Qxh7+ Kb8 32. e5 b3 33.
Rg8 bxa2 34. Rxc8+ Qxc8 35. Qd3 a1=Q+ 36. Kd2 Qxb2 37. Qxd6+ Qc7 0-1

[Event "Ä15Â"]
[Site "Loo"]
[Date "2017.04.21"]
[Round "2.29"]
[White "Çàêóðèíà, Ìàðèÿ."]
[Black "Êîêàåâà, Àíàñòàñèÿ."]
[Result "1-0"]
[WhiteElo "1704"]
[BlackElo "1424"]
[PlyCount "99"]
[EventDate "2017.04.20"]

1. e4 c6 2. d4 d5 3. exd5 cxd5 4. Bd3 Nc6 5. c3 Nf6 6. h3 e6 7. Bf4 Bd6 8. Bxd6
Qxd6 9. Nf3 O-O 10. O-O Bd7 11. Re1 Qf4 12. Nbd2 Rac8 13. Rc1 Rfd8 14. Ne5 Nxe5
15. Rxe5 Bc6 16. Qc2 Nd7 17. Re3 h6 18. Bh7+ Kf8 19. Rce1 Nf6 20. Bd3 b5 21.
Nf3 Ne4 22. Ne5 Nf6 23. Nxc6 Rxc6 24. Bxb5 Rc7 25. Bd3 Rdc8 26. Qb3 Qd6 27. Qa4
Qb6 28. R3e2 Ne8 29. Qa6 Qb8 30. Qa4 Qb6 31. Bb1 Nd6 32. Bd3 Nc4 33. Bxc4 Rxc4
34. Qd1 Qa6 35. a3 Qb5 36. Qd3 Kg8 37. Rd1 a6 38. f4 Rxd4 39. cxd4 Rc1 40. Red2
Qxd3 41. Rxd3 Rc2 42. R3d2 Rc4 43. Kf2 Kf8 44. Ke3 Ke7 45. Kd3 Kf6 46. Rc2 Ra4
47. Rc5 Kf5 48. g3 g5 49. fxg5 hxg5 50. Rf1+ 1-0

[Event "Ä15Â"]
[Site "Loo"]
[Date "2017.04.21"]
[Round "2.30"]
[White "Àáäóëêåðèìîâà, Ìàäèíà."]
[Black "Ïóäàëåâà, Çëàòà."]
[Result "0-1"]
[WhiteElo "1400"]
[BlackElo "1702"]
[PlyCount "114"]
[EventDate "2017.04.20"]

1. e4 c6 2. d4 d5 3. e5 Bf5 4. Bd3 Bxd3 5. cxd3 e6 6. Qg4 Nd7 7. Ne2 Ne7 8. Bg5
Qa5+ 9. Nbc3 Nf5 10. O-O c5 11. dxc5 Nxe5 12. Qh3 Bxc5 13. a3 Be7 14. b4 Qd8
15. Bxe7 Nxe7 16. f4 Nd7 17. Ng3 Qb6+ 18. Kh1 O-O-O 19. f5 Nf6 20. Rfe1 Nxf5
21. Nxf5 exf5 22. Qxf5+ Kb8 23. Re7 Qd4 24. Qe5+ Qxe5 25. Rxe5 Rhe8 26. Rae1
Rxe5 27. Rxe5 Rc8 28. Ne2 Re8 29. Rxe8+ Nxe8 30. g4 Kc7 31. Nf4 Kd6 32. d4 Nc7
33. a4 Ne6 34. Ne2 Nd8 35. Kg2 Nc6 36. b5 Ne7 37. Kf3 a6 38. Nc3 Kc7 39. Kf4 f6
40. g5 Kb6 41. gxf6 gxf6 42. h3 Ka5 43. h4 Kb4 44. bxa6 bxa6 45. Nxd5+ Nxd5+
46. Kf5 Kxa4 47. Ke6 Ne3 48. Kxf6 Kb4 49. Kg7 Kc4 50. Kxh7 Kxd4 51. Kg6 Ke5 52.
h5 Nf5 53. Kg5 a5 54. Kg4 a4 55. Kf3 a3 56. Ke2 a2 57. Kd1 a1=Q+ 0-1

[Event "Ä17Ï"]
[Site "Loo"]
[Date "2017.04.21"]
[Round "2.1"]
[White "Êîâàë¸âà, Åêàòåðèíà."]
[Black "Ñàì÷åíêî, Ñåðàôèìà."]
[Result "1/2-1/2"]
[WhiteElo "1974"]
[BlackElo "1734"]
[PlyCount "70"]
[EventDate "2017.04.20"]

1. e4 c5 2. Nf3 d6 3. c3 Nf6 4. Be2 Nc6 5. d4 cxd4 6. cxd4 Nxe4 7. d5 Qa5+ 8.
Nc3 Nxc3 9. bxc3 Ne5 10. Nxe5 dxe5 11. O-O Bd7 12. Rb1 Rb8 13. Be3 b6 14. c4
Rc8 15. Qb3 e6 16. Qb2 Bd6 17. Rfd1 Qa3 18. Qd2 Bc5 19. Bxc5 Qxc5 20. Qg5 O-O
21. Qxe5 Ba4 22. Rd4 exd5 23. Rxd5 Qa3 24. Rd2 Qc5 25. Qg3 Rcd8 26. Bd3 g6 27.
Re1 Rfe8 28. Rde2 Rxe2 29. Bxe2 Qb4 30. Rf1 Qd6 31. Qh4 Qd4 32. Qg3 Qd6 33. Qh4
Qd4 34. Qg3 Qd6 35. Qh4 Qd4 1/2-1/2

[Event "Ä17Ï"]
[Site "Loo"]
[Date "2017.04.21"]
[Round "2.2"]
[White "Àâåðèíà, Âåðà."]
[Black "Òàòàðèíîâà, Åëåíà."]
[Result "0-1"]
[WhiteElo "1729"]
[BlackElo "1840"]
[PlyCount "112"]
[EventDate "2017.04.20"]

1. d4 Nf6 2. Bg5 g6 3. Bxf6 exf6 4. e3 Bg7 5. Qf3 O-O 6. Bc4 f5 7. c3 c6 8. Ne2
d5 9. Bd3 Nd7 10. Nf4 Nf6 11. h4 h5 12. g3 b6 13. O-O c5 14. Nd2 Bb7 15. Rfc1
Ne4 16. Qe2 Re8 17. Bb5 Re7 18. Qd1 a6 19. Ba4 b5 20. Bc2 c4 21. a3 Bc6 22. Kg2
a5 23. Qe1 Rb8 24. Nf3 Reb7 25. b4 Ra7 26. Nh2 Rba8 27. Nf1 Ra6 28. Rcb1 R8a7
29. a4 Qa8 30. axb5 Bxb5 31. bxa5 Bc6 32. f3 Nd6 33. Rb4 Rxa5 34. Rab1 Nb5 35.
Nxd5 Bxd5 36. Rxb5 Bxf3+ 37. Kg1 Rxb5 38. Rxb5 Ra2 39. Qb1 Kh7 40. Nd2 Ra1 41.
Nxc4 Rxb1+ 42. Bxb1 Be2 43. Ra5 Qd8 44. Rc5 Qb8 45. Nd2 Qxg3+ 46. Kh1 Qe1+ 47.
Kh2 Qxd2 48. e4 Bf3+ 49. Kg3 f4+ 50. Kxf3 Qd1+ 51. Kxf4 Bh6+ 52. Ke5 Qxb1 53.
d5 Qb8+ 54. d6 Bf4+ 55. Kxf4 Qxd6+ 56. Re5 f6 0-1

[Event "Ä17Ï"]
[Site "Loo"]
[Date "2017.04.21"]
[Round "2.3"]
[White "Ïåòðîâà, Ìàðèÿ."]
[Black "Çàõàðîâà, Äèàíà."]
[Result "1/2-1/2"]
[WhiteElo "1835"]
[BlackElo "1720"]
[PlyCount "124"]
[EventDate "2017.04.20"]

1. e4 c5 2. Nf3 Nc6 3. d4 cxd4 4. Nxd4 Qb6 5. Nb3 Nf6 6. Nc3 e6 7. Be3 Qc7 8.
a3 Be7 9. g3 b6 10. Bf4 e5 11. Be3 Bb7 12. f3 Rc8 13. Nb5 Qb8 14. Bg5 Nd8 15.
Bxf6 gxf6 16. Bh3 Ne6 17. Nc3 Qc7 18. Rc1 Rd8 19. Nd5 Qc4 20. Nd2 Qc6 21. Nf1
Ng5 22. Bg2 f5 23. h4 fxe4 24. fxe4 Ne6 25. Nfe3 Qc5 26. b4 Qd4 27. Qxd4 Nxd4
28. Nc7+ Kf8 29. c3 Ne6 30. Ncd5 Bxd5 31. Nxd5 Rg8 32. Kf2 Rc8 33. Bh3 Rc4 34.
Kf3 Ke8 35. Rhd1 d6 36. Bf1 Rc8 37. Ba6 Rd8 38. Bb5+ Kf8 39. Ra1 Ng7 40. Bc4
Rc8 41. Bb3 Nh5 42. Rg1 Nf6 43. Rac1 Nxd5 44. Bxd5 Rg7 45. c4 Ke8 46. a4 Kd7
47. Rg2 Bd8 48. Rb1 f6 49. Ra2 Bc7 50. a5 Rb8 51. axb6 axb6 52. b5 Rf8 53. g4
Rh8 54. h5 Rd8 55. Rba1 Rb8 56. Ra7 Re7 57. Bc6+ Kd8 58. Ra8 Rf7 59. R1a7 Re7
60. Ra6 Rc8 61. Bb7 Rb8 62. Bc6 Rc8 1/2-1/2

[Event "Ä17Ï"]
[Site "Loo"]
[Date "2017.04.21"]
[Round "2.4"]
[White "Óðâà÷¸âà, Àðèíà."]
[Black "Äàíèëîâà, Ðàäà."]
[Result "0-1"]
[WhiteElo "1706"]
[BlackElo "1828"]
[PlyCount "106"]
[EventDate "2017.04.20"]

1. d4 Nf6 2. c4 g6 3. Nc3 Bg7 4. e4 d6 5. h3 O-O 6. Be3 Nbd7 7. Nf3 e5 8. d5
Nc5 9. Nd2 a5 10. g4 Ne8 11. h4 f5 12. gxf5 gxf5 13. Bg5 Nf6 14. Rg1 Kh8 15. h5
h6 16. Bxf6 Qxf6 17. Qe2 Qh4 18. Bg2 fxe4 19. Bxe4 Bf5 20. O-O-O Qf4 21. f3
Rae8 22. Rg2 Bf6 23. Rdg1 Bg5 24. Kd1 Re7 25. b3 Ref7 26. Kc2 Qxd2+ 27. Qxd2
Bxd2 28. Kxd2 Bxe4 29. fxe4 Rf2+ 30. Rxf2 Rxf2+ 31. Ke3 Rh2 32. Nb5 Rxh5 33.
Nxc7 Rh3+ 34. Ke2 Nxe4 35. Ne8 h5 36. Rg2 Kh7 37. Rg7+ Kh6 38. Rd7 Rg3 39. Nxd6
Nc3+ 40. Kd2 Kg6 41. Rxb7 h4 42. Ne8 Kh6 43. d6 Ne4+ 44. Ke2 Nc5 45. Rf7 h3 46.
Rf2 e4 47. Rf4 Rg2+ 48. Kf1 Kg5 49. Rf7 Rd2 50. Rh7 h2 51. Ke1 Rxa2 52. Kf1 e3
53. d7 Nxd7 {äàëåå çàïèñü íåðàçáîð~~èâà} 0-1

[Event "Ä17Ï"]
[Site "Loo"]
[Date "2017.04.21"]
[Round "2.5"]
[White "Ïðîòàñîâà, Àíàñòàñèÿ."]
[Black "Ìàëîçåìîâà, Äàðüÿ."]
[Result "1/2-1/2"]
[WhiteElo "1801"]
[BlackElo "1687"]
[PlyCount "143"]
[EventDate "2017.04.20"]

1. d4 d5 2. c4 e6 3. Nf3 f5 4. cxd5 exd5 5. Bf4 Nf6 6. e3 c6 7. Bd3 Be7 8. O-O
O-O 9. Qc2 Ne4 10. Nc3 Nd7 11. Ne5 Ndf6 12. Nxe4 fxe4 13. Be2 Nd7 14. Qd1 Bg5
15. Nxd7 Bxd7 16. Be5 Bf6 17. Bg3 g6 18. b4 Qe7 19. Qb3 Kg7 20. Rab1 b5 21. Qc3
h5 22. h3 h4 23. Bh2 g5 24. f3 Rfe8 25. Rbe1 a5 26. bxa5 b4 27. Qd2 Rxa5 28.
fxe4 dxe4 29. Bc7 Ra3 30. Bb6 Be6 31. Bc5 Qd7 32. Ra1 Rea8 33. Bg4 Bxg4 34.
hxg4 Qxg4 35. Qf2 Qe6 36. Bxb4 Rxa2 37. Rxa2 Rxa2 38. Bd2 Ra8 39. Rb1 h3 40.
gxh3 Qxh3 41. Rf1 Qg4+ 42. Qg2 Qe6 43. Bc3 Qb3 44. Qf2 Rf8 45. Be1 Be7 46. Qg3
Rxf1+ 47. Kxf1 Qf7+ 48. Kg2 Qf6 49. Qg4 c5 50. d5 Qb2+ 51. Bf2 Qe5 52. Qd1 Bd6
53. Qb3 Qh2+ 54. Kf1 Qh1+ 55. Ke2 Qf3+ 56. Ke1 Qf6 57. Qc4 Qe5 58. Qb3 g4 59.
Qb7+ Qe7 60. Qxe7+ Bxe7 61. Bg3 Kf7 62. Kd2 Ke8 63. d6 Bg5 64. Ke2 c4 65. Kd2
Kd7 66. Kc3 Bxe3 67. Kxc4 Bb6 68. Kd5 e3 69. Ke4 Bc5 70. Kd3 Bxd6 71. Bxd6 Kxd6
72. Kxe3 1/2-1/2

[Event "Ä17Ï"]
[Site "Loo"]
[Date "2017.04.21"]
[Round "2.6"]
[White "Ìàðòûø, Äàðüÿ."]
[Black "Áó÷èíà, Ïîëèíà."]
[Result "1-0"]
[WhiteElo "1661"]
[BlackElo "1787"]
[PlyCount "79"]
[EventDate "2017.04.20"]

1. e4 c5 2. d3 Nc6 3. g3 e5 4. Bg2 Nge7 5. Nc3 d6 6. Nge2 g6 7. Bg5 Bg7 8. Nd5
h6 9. Bf6 O-O 10. Nec3 Bxf6 11. Nxf6+ Kg7 12. Nfd5 Rb8 13. Qd2 b5 14. a3 a5 15.
O-O b4 16. axb4 axb4 17. Nxe7 Nxe7 18. Ne2 Qb6 19. Kh1 Bd7 20. f4 Ng8 21. Qe3
Nf6 22. h3 Rfe8 23. g4 Ng8 24. Ng3 Qc7 25. g5 exf4 26. gxh6+ Nxh6 27. Qxf4 f5
28. Qg5 Kh7 29. exf5 Bxf5 30. Nxf5 gxf5 31. Rf4 Qe7 32. Qh5 Rf8 33. Rh4 Rf6 34.
Qg5 Qf8 35. Ra7+ Kh8 36. Bd5 Re8 37. Rf7 Rxf7 38. Bxf7 Qxf7 39. Rxh6+ Qh7 40.
Qf6+ 1-0

[Event "Ä17Ï"]
[Site "Loo"]
[Date "2017.04.21"]
[Round "2.7"]
[White "Áåçâåðõàÿ, Ìàðèíà."]
[Black "Êóðêîâà, Ñîôüÿ."]
[Result "1-0"]
[WhiteElo "1758"]
[BlackElo "1656"]
[PlyCount "105"]
[EventDate "2017.04.20"]

1. e4 d5 2. exd5 Qxd5 3. Nc3 Qa5 4. d4 Nf6 5. Nf3 Bg4 6. h3 Bh5 7. g4 Bg6 8.
Ne5 c6 9. h4 Nbd7 10. Nc4 Qc7 11. h5 Be4 12. Nxe4 Nxe4 13. Qf3 Nd6 14. Bf4 b5
15. Nxd6+ exd6 16. O-O-O O-O-O 17. Bg2 Kb7 18. Qb3 Qa5 19. Qxf7 d5 20. Bg5 Qxa2
21. Bxd8 Kc8 22. c3 b4 23. Qe8 Bd6 24. Qe3 Rf8 25. Bg5 h6 26. Bxh6 gxh6 27. Rd2
Bf4 28. Qd3 Bxd2+ 29. Qxd2 b3 30. Kd1 Qb1+ 31. Ke2 Re8+ 32. Kf3 Qe4+ 33. Kg3
Qe6 34. Bf3 Nf6 35. Qf4 Rg8 36. Qe3 Qd7 37. Qf4 Qe6 38. Kh4 Rg5 39. Rg1 Qe7 40.
Kh3 Nxh5 41. Qe3 Qf7 42. Re1 Nf4+ 43. Kh2 Kd7 44. Bd1 a5 45. Qd2 h5 46. Re5 Rg7
47. Rf5 Qe7 48. Qxf4 hxg4 49. Bxg4 Rh7+ 50. Rh5+ Ke8 51. Qb8+ Qd8 52. Qxd8+
Kxd8 53. Rxh7 1-0

[Event "Ä17Ï"]
[Site "Loo"]
[Date "2017.04.21"]
[Round "2.8"]
[White "Ñàáåòèàí, Ìîäæàâåðè Àëèíà."]
[Black "Çàêàðÿí, Äèàíà."]
[Result "1-0"]
[WhiteElo "1563"]
[BlackElo "1755"]
[PlyCount "49"]
[EventDate "2017.04.20"]

1. d4 Nf6 2. c4 c5 3. Nf3 cxd4 4. Nxd4 Nc6 5. Nc3 g6 6. e4 d6 7. Be3 Bg7 8. Be2
Ne5 9. h3 b6 10. O-O Bb7 11. Qc2 Rc8 12. b3 O-O 13. Rac1 Nfd7 14. Qb1 a6 15.
Nd5 e6 16. Nc3 Nc5 17. Rfd1 Qh4 18. f4 Qg3 19. Nf3 Ned7 20. b4 Bxc3 21. bxc5
Bg7 22. cxd6 Rc6 23. e5 Bh6 24. Rd4 Nxe5 25. Bf2 1-0

[Event "Ä17Ï"]
[Site "Loo"]
[Date "2017.04.21"]
[Round "2.10"]
[White "Ïîëÿíñêàÿ, Åëèçàâåòà."]
[Black "Áàäìàåâà, Áàèíà."]
[Result "1/2-1/2"]
[WhiteElo "1611"]
[BlackElo "1585"]
[PlyCount "79"]
[EventDate "2017.04.20"]

1. d4 Nf6 2. g3 g6 3. Bg2 Bg7 4. e3 d6 5. Ne2 O-O 6. O-O Nbd7 7. c4 c6 8. Nbc3
Rb8 9. a4 Qc7 10. Bd2 a5 11. Rc1 e5 12. d5 Nc5 13. Qc2 Ne8 14. h3 f5 15. e4 Nf6
16. f3 Qb6 17. Kh2 Nb3 18. Rcd1 Bd7 19. Be1 Nc5 20. Bf2 cxd5 21. exd5 Rbe8 22.
Bxc5 Qxc5 23. b3 h5 24. h4 e4 25. Nf4 Kh7 26. Nce2 exf3 27. Bxf3 Re3 28. Ng1
Qb4 29. Ngh3 Rxb3 30. Ng5+ Kg8 31. Rb1 Bxa4 32. Nxg6 Rxb1 33. Ne7+ Kh8 34. Ng6+
Kg8 35. Ne7+ Kh8 36. Ng6+ Kg8 37. Ne7+ Kh8 38. Ng6+ Kg8 39. Ne7+ Kh8 40. Ng6+
1/2-1/2

[Event "Ä17Ï"]
[Site "Loo"]
[Date "2017.04.21"]
[Round "2.11"]
[White "Ôîíÿê, Ìàðèíà."]
[Black "Ãîðåíêîâà, Àííà."]
[Result "0-1"]
[WhiteElo "1780"]
[BlackElo "1488"]
[PlyCount "76"]
[EventDate "2017.04.20"]

1. e4 c5 2. Nf3 d6 3. d4 cxd4 4. Nxd4 Nf6 5. Nc3 a6 6. h3 e6 7. g4 h6 8. Be3 b5
9. a3 Bb7 10. Bg2 Nbd7 11. Qd2 Nb6 12. O-O-O Nc4 13. Qe2 Rc8 14. Qe1 Qc7 15.
Rd3 Nd7 16. Nf3 Nc5 17. Bxc5 Qxc5 18. Nd4 b4 19. axb4 Qxb4 20. Nb3 a5 21. Nb1
Qb6 22. Na3 a4 23. Nxc4 Rxc4 24. Na1 Be7 25. Qe2 Ba6 26. Qd2 O-O 27. Ra3 d5 28.
Ra2 dxe4 29. h4 Rd8 30. Qe3 Bc5 31. Qh3 Bxf2 32. g5 Be3+ 33. Kb1 Rcd4 34. Qg4
Rb8 35. gxh6 Bxh6 36. Rh3 Rb4 37. b3 Qg1+ 38. Kb2 Bc1+ 0-1

[Event "Ä17Ï"]
[Site "Loo"]
[Date "2017.04.21"]
[Round "2.12"]
[White "Øìèäò, Êñåíèÿ."]
[Black "Áàðñêîâà, Ïîëèíà."]
[Result "1/2-1/2"]
[WhiteElo "1490"]
[BlackElo "1761"]
[PlyCount "80"]
[EventDate "2017.04.20"]

1. d4 d5 2. Nf3 Nf6 3. c4 e6 4. Nc3 Bb4 5. a3 Bxc3+ 6. bxc3 O-O 7. Bg5 Nbd7 8.
e3 b6 9. cxd5 exd5 10. Bd3 Bb7 11. O-O Re8 12. Qc2 h6 13. Bh4 Qe7 14. a4 c5 15.
Qe2 Qe6 16. Rfc1 c4 17. Bc2 Ne4 18. Bxe4 Qxe4 19. Bg3 Re6 20. Qc2 Nf6 21. Ne5
Qxc2 22. Rxc2 Re7 23. Rb1 Nd7 24. Nxd7 Rxd7 25. Ra2 Bc8 26. a5 bxa5 27. Rxa5 a6
28. Kf1 Rb7 29. Rba1 Rd7 30. Ke2 Bb7 31. Rc5 Re8 32. Rb1 Re6 33. Bc7 Bc6 34.
Ba5 Bb5 35. g3 f5 36. Kf3 Kf7 37. h3 h5 38. h4 Kf6 39. Bc7 g5 40. Be5+ Kg6
1/2-1/2